00694nam a22001937a 4500003000400000005001700004008004100021020001500062040002900077050002200106100002600128245003500154260003000189300001100219650008100230942001500311952015700326999001700483OSt20250826120841.0250826b |||||||| |||| 00| 0 eng d a0385507976 cChuka university library aPR 1905 .A25 2005 aAckroyd, Peter921679 aChaucer: Ackroyds brief lives. aNew YorkbDoubledayc2005 a188 p. a1. Chaucer, Geoffrey. 2. Poets, English-- Middle English,-- Biography921680 2lcccBKn0 00102lcc40708LGLaCHKbPGcGENd2025-07-01eDonation from Books For Africal0oPR 1905 .A25 2005p28656/2025r2025-08-26 12:09:44t1w2025-08-26yBK c20631d20631